Will Crossrail make the end of the line? (Record no. 73127)
[ view plain ]
| 000 -LEADER | |
|---|---|
| fixed length control field | 01419cam a2200241 4500 |
| 001 - CONTROL NUMBER | |
| control field | ABS66940 |
| 008 - FIXED-LENGTH DATA ELEMENTS--GENERAL INFORMATION | |
| fixed length control field | 030729n2003 000 0 eng u |
| 035 ## - SYSTEM CONTROL NUMBER | |
| System control number | (Sirsi) u123143 |
| 100 ## - MAIN ENTRY--PERSONAL NAME | |
| Personal name | Smulian, M. |
| 245 ## - TITLE STATEMENT | |
| Title | Will Crossrail make the end of the line? |
| 260 ## - PUBLICATION, DISTRIBUTION, ETC. | |
| Date of publication, distribution, etc. | 2003 |
| 490 ## - SERIES STATEMENT | |
| Series statement | Planning (for the Natural and Built Environment) |
| Volume/sequential designation | (1529) 25 July 2003, 16-17(2) |
| 520 ## - SUMMARY, ETC. | |
| Summary, etc. | Looks at the long-delayed Crossrail project, now being promoted by Cross London Rail Links (CLRL), and highlights the many issues that still need addressing. Describes the proposed underground and over ground rail links and questions whether the £10bn project will produce sufficient benefits such as easing the underground system and regenerating the Thames Gateway. Points out that the business community will have to make a substantial contribution to the cost of Crossrail and suggests ways of raising this money. Looks at the complex planning process for Crossrail and discusses an alternative to CLRL's plan; the private consortium London Regional Metro have offered to build the tunnel section under central London without public funds and would charge train operators to use it. |
| 590 ## - LOCAL NOTE (RLIN) | |
| Local note | ABS |
| 650 ## - SUBJECT ADDED ENTRY--TOPICAL TERM | |
| Topical term or geographic name entry element | LONDON |
| 650 ## - SUBJECT ADDED ENTRY--TOPICAL TERM | |
| Topical term or geographic name entry element | RAILWAYS |
| 650 ## - SUBJECT ADDED ENTRY--TOPICAL TERM | |
| Topical term or geographic name entry element | THAMES GATEWAY |
| 650 ## - SUBJECT ADDED ENTRY--TOPICAL TERM | |
| Topical term or geographic name entry element | REGENERATION |
| 650 ## - SUBJECT ADDED ENTRY--TOPICAL TERM | |
| Topical term or geographic name entry element | TRANSPORT PROJECTS |
| 650 ## - SUBJECT ADDED ENTRY--TOPICAL TERM | |
| Topical term or geographic name entry element | CROSSRAIL |
| 690 ## - LOCAL SUBJECT ADDED ENTRY--TOPICAL TERM (OCLC, RLIN) | |
| Topical term or geographic name as entry element | TRANSPORT AND COMMUNICATIONS |
| 942 ## - ADDED ENTRY ELEMENTS (KOHA) | |
| Suppress in OPAC | 0 |
| Withdrawn status | Lost status | Source of classification or shelving scheme | Damaged status | Not for loan | Home library | Current library | Shelving location | Date acquired | Total Checkouts | Full call number | Barcode | Date last seen | Copy number | Price effective from | Koha item type |
|---|---|---|---|---|---|---|---|---|---|---|---|---|---|---|---|
| Dewey Decimal Classification | London | London | Journal article | 29/07/2003 | ABS66940 | 123143-1001 | 06/08/2019 | 1 | 06/08/2019 | Journal article |